| 000 | 00536nam a22001932 4500 | ||
|---|---|---|---|
| 001 | 0000002705 | ||
| 005 | 20170406114432.0 | ||
| 008 | 140331s xx 000 0 eng d | ||
| 020 | _c$ | ||
| 040 |
_aYour Holding Symbol _cYour Holding Symbol |
||
| 100 | 1 | _aRaison,Timothy. | |
| 245 | 1 | 4 | _aThe founding fathers of social science. |
| 250 | _a ed. | ||
| 260 |
_aMaryland : _bPenguin books, _c1963. |
||
| 300 |
_a238 p. ; _c cm. |
||
| 504 | _abibliography. | ||
| 650 | 0 |
_asocial sciences _xsociology. |
|
| 908 | _a140331 | ||
| 999 |
_c2591 _d2591 |
||